Los Angeles Clippers NBA Playoffs Leaders Per Year - Statistics

General Stats
  • This quiz has been taken 595 times
    203 since last reset
  • The average score is 13 of 34
Answer Stats
Player % Correct
Kawhi Leonard
99%
Paul George
97%
Blake Griffin
96%
Chris Paul
96%
James Harden
93%
DeAndre Jordan
92%
Ivica Zubac
85%
Bob McAdoo
74%
Russell Westbrook
73%
Lou Williams
61%
Elton Brand
55%
Jamal Crawford
53%
Charles Smith
42%
Randy Smith
42%
Patrick Beverley
38%
Mark Jackson
35%
Nicolas Batum
30%
Danny Manning
25%
Ron Harper
18%
Danilo Gallinari
13%
Sam Cassell
13%
Doc Rivers
9%
Darrick Martin
7%
Kenyon Martin
7%
Loy Vaught
7%
Stanley Roberts
7%
Brent Barry
6%
Ernie DiGregorio
4%
Ken Norman
3%
Rodney Rogers
3%
Lamond Murray
2%
Gar Heard
1%
Jim McMillian
1%
Reggie Evans
1%
No matching quizzes found
Score Distribution
Percent of People with Each Score
Percentile by Number Answered
Your Score History
You have not taken this quiz since the last reset